Historia de Portugal (Record no. 97983)

MARC details
000 -LEADER
campo de control de longitud fija 00957nam a2200241 i 4500
001 - NÚMERO DE CONTROL
campo de control 97983
003 - IDENTIFICADOR DE NÚMERO DE CONTROL
campo de control ES-MaACL
005 - FECHA Y HORA DE LA ÚLTIMA TRANSACCIÓN
campo de control 20230906182208.0
007 - CAMPO FIJO DE DESCRIPCIÓN FÍSICA--INFORMACIÓN GENERAL
campo de control de longitud fija t|
008 - DATOS DE LONGITUD FIJA--INFORMACIÓN GENERAL
campo de control de longitud fija 050721s1984 mx ||||1| spa d
100 1# - ENTRADA PRINCIPAL--NOMBRE DE PERSONA
Nombre de persona Marques, A. H. de Oliveira.
9 (RLIN) 76977
245 10 - MENCIÓN DEL TÍTULO
Título Historia de Portugal
Resto del título : desde los tiempos más antiguos hasta el gobierno de Pinheiro de Azevedo /
Mención de responsabilidad, etc. A. H. de Oliveira Marques; traducción de Milton Schinca.
250 ## - MENCION DE EDICION
Mención de edición [1ª ed.].
260 ## - PUBLICACIÓN, DISTRIBUCIÓN, ETC.
Lugar de publicación, distribución, etc. México :
Nombre del editor, distribuidor, etc. Fondo de Cultura Económica,
Fecha de publicación, distribución, etc. 1984.
300 ## - DESCRIPCIÓN FÍSICA
Extensión 2 v., 269 lám. ;
Dimensiones 24 cm.
490 1# - MENCIÓN DE SERIE
Mención de serie Sección de obras de historia
505 8# - NOTA DE CONTENIDO CON FORMATO
Nota de contenido con formato Contiene: v.I: De lo orígenes a las revoluciones liberales.- 502 p.--v.II: De las revoluciones liberales a nuestros días.- 341 p.
651 #4 - PUNTO DE ACCESO ADICIONAL DE MATERIA--NOMBRE GEOGRÁFICO
Nombre geográfico Portugal-
Subdivisión general Historia.
9 (RLIN) 6241
700 1# - ENTRADA AGREGADA--NOMBRE PERSONAL
Nombre de persona Schinca, Milton.
9 (RLIN) 104372
830 0# - PUNTO DE ACCESO ADICIONAL DE SERIE-TÍTULO UNIFORME
Título uniforme Sección de obras de historia
9 (RLIN) 179403
852 ## - LOCALIZACIÓN
Ubicación ES-MaACL
Número de control de estantería L-7610-1
Sublocalización o colección R.108256
Holdings
Estatus retirado Estado de pérdida Estado de daño No para préstamo Biblioteca de origen Biblioteca actual Ubicación en estantería Fecha de adquisición Fuente de adquisición Total de préstamos Signatura topográfica completa Código de barras Visto por última vez Precio de reemplazo Tipo de ítem Koha
        Biblioteca del Ateneo de Madrid Biblioteca del Ateneo de Madrid Depósito 2 17/01/2008     L-7610-1 1102286 23/02/2023 23/02/2023 Libro impreso